| 000 | 02054nam0a2200337 4500 | ||
|---|---|---|---|
| 001 | RU\NLR\BIBL_A\012564318 | ||
| 005 | 20210917142039.0 | ||
| 010 |
_a978-5-215-03389-0 _9500 |
||
| 021 |
_aRU _bКН-П-21-012709 _9КН-П-21-1028 |
||
| 035 | _a(NLR Aleph) 012564318 | ||
| 090 |
_a12470472 _c12470472 |
||
| 100 | _a20210714d2021 k y0rusy50 ca | ||
| 101 | 0 | _arus | |
| 102 | _aRU | ||
| 105 | _ay|||j|||000zy | ||
| 181 | 0 |
_ai4 _bab2e |
|
| 182 | 0 | _an | |
| 200 | 1 |
_aОсновы трудового законодательства _eучебное пособие по направлению подготовки 38.03.04 Государственное и муниципальное управление (уровень бакалавриата) _fС.Е. Титор, кандидат юридических наук, Ф.Г. Мышко, доктор юридических наук _gМинистерство науки и высшего образования Российской Федерации, Федеральное государственное бюджетное образовательное учреждение высшего образования "Государственный университет управления", Институт государственного управления и права |
|
| 203 |
_aТекст _bвизуальный _cнепосредственный |
||
| 210 |
_aМосква _cИД ГУУ _d2021 |
||
| 215 |
_a252, [1] с. _d21 |
||
| 225 | 1 | _aГриф ГУУ | |
| 320 | _aБиблиогр.: с. 230-252 | ||
| 606 | 1 |
_aТрудовое право _jУчебные издания для высших учебных заведений _yРоссийская Федерация _92071166 _3RU\NLR\AUTH\661245915 |
|
| 686 | 1 | _aХ627я73 | |
| 700 | 1 |
_aТитор _bС. Е. _gСветлана Евгеньевна |
|
| 701 | 1 |
_aМышко _bФ. Г. _gФедор Георгиевич |
|
| 942 | _cBOOK | ||
| 980 | _aNB | ||